| 000 | 01492nam a2200277Ia 4500 | ||
|---|---|---|---|
| 001 | 16235 | ||
| 003 | GE_BSU | ||
| 008 | 181216s||||||||xx |||||||||||||| ||und|| | ||
| 020 | _aISBN 978-9941-13-194-3 | ||
| 040 | _cGE_BSU | ||
| 080 | _a502.3(479.22) | ||
| 100 | _aსეფერთელაძე,ზურაბ; დავითაია,ეთერ; მარგველანი,გელა. | ||
| 245 | _aბუნებათსარგებლობის გეოგრაფია=Geography of nature management | ||
| 245 | _bსახელმძღვ. | ||
| 245 | _cრედ:თენგიზ ურუშაძე. | ||
| 260 | _aთბილისი | ||
| 260 | _bთბილ. უნ-ტის გამ-ბა, | ||
| 260 | _c2011 | ||
| 300 | _a232 გვ. : ცხრ. 25 სმ. | ||
| 300 | _bპარალ. თავფურ. და რეზ. ინგლ.. - ძირითადი ტერმინოლოგია: გვ. 217-226. - ბიბლიოგრ.: გვ. 227-230 | ||
| 541 | _h18ლ. | ||
| 653 | _aბუნება | ||
| 653 | _aბუნებათსარგებლობის გეოგრაფია=Geography of nature management:[სახელმძღვ.] | ||
| 653 | _aსაქართველოს ბუნება; რაციონალური ბუნებათსარგებლობა; ბუნების დაცვა საქართველოში; | ||
| 942 | _cBK | ||
| 999 |
_c49319 _d49319 |
||